KOHA-Header-6

Wideband Wireless Digital Communications (Record no. 9556)

000 -LEADER
fixed length control field 00289nam a2200109Ia 4500
100 ## - MAIN ENTRY--AUTHOR NAME
Personal name Andreas F. Molisch
245 #0 - TITLE STATEMENT
Title Wideband Wireless Digital Communications
260 ## - PUBLICATION, DISTRIBUTION, ETC. (IMPRINT)
Place of publication New Delhi
Name of publisher Tata McGraw Hill
Year of publication 2002
300 ## - PHYSICAL DESCRIPTION
Number of Pages 696
942 ## - ADDED ENTRY ELEMENTS (KOHA)
Koha item type Books
Holdings
Withdrawn status Lost status Collection code Permanent Location Current Location Shelving location Date acquired Full call number Accession Number Koha item type
    Computer Networking MAJU MAJU   2019-09-14 659.1 5376 Computer Networking

Powered by Koha